书目信息 |
| 题名: |
技术制图 图样画法 视图
|
|
| 作者: | ;国家质量技术监督局 发布 | |
| 分册: | ||
| 出版信息: | 北京 中国标准出版社 1999.01 |
|
| 页数: | 7页 | |
| 开本: | 26cm | |
| 丛书名: | ||
| 单 册: | ||
| 中图分类: | TH126-65 | |
| 科图分类: | ||
| 主题词: | 机械制图:计算机制图 | |
| 电子资源: | ||
| ISBN: | ||
| 000 | 00672nam0 2200205 450 | |
| 001 | 0636077956 | |
| 005 | 20060330100117.95 | |
| 010 | @dCNY8.00 | |
| 100 | @a20060330d1999 km y0chiy0120 ea | |
| 101 | 0 | @achi |
| 102 | @aCN@b110000 | |
| 200 | 1 | @a技术制图 图样画法 视图@Aji shu zhi tu tu yang hua fa shi tu@f国家质量技术监督局发布@Fguo jia zhi liang ji shu jian du ju fa bu |
| 210 | @a北京@c中国标准出版社@d1999.01 | |
| 215 | @a7页@d26cm | |
| 300 | @a中华人民共和国国家标准 | |
| 606 | 0 | @a机械制图:计算机制图 |
| 690 | @aTH126-65@v3 | |
| 711 | 0 | @a国家质量技术监督局@Aguo jia zhi liang ji shu jian du ju@4发布 |
| 801 | 0 | @aCN@bPFT@c20060330 |
| 905 | @a10447@dTH126-65@eG936 | |
| 技术制图 图样画法 视图/国家质量技术监督局发布.-北京:中国标准出版社,1999.01 |
| 7页;26cm |
| 中华人民共和国国家标准 |
| ISBN :CNY8.00 |
| ● |
| 相关链接 |
|
|
|
正题名:技术制图 图样画法 视图
索取号:TH126-65/G936
 
预约/预借
| 序号 | 登录号 | 条形码 | 馆藏地/架位号 | 状态 | 备注 |
| 1 | 146646 | 201466467 | 自科二线504/504自科库 42排2列1层/ [索取号:TH126-65/G936] | 在馆 | |
| 2 | 146647 | 201466476 | 自科二线504/110考试书库 1排3列2层/ [索取号:TH126-65/G936] | 在馆 | |
| 3 | 146648 | 201466485 | 自科二线504/ [索取号:TH126-65/G936] | 在馆 | |
| 4 | 146649 | 201466494 | 自科二线504/504自科库 42排2列1层/ [索取号:TH126-65/G936] | 在馆 | |
| 5 | 146650 | 201466500 | 自科二线504/110考试书库 1排3列2层/ [索取号:TH126-65/G936] | 在馆 | |
| 6 | 206389 | 202063890 | 自科库501/ [索取号:TH126-65/G936] | 在馆 | |
| 7 | 206390 | 202063907 | 自科库501/504自科库 30排1列3层/ [索取号:TH126-65/G936] | 在馆 |